<?xml version="1.0" encoding="UTF-8"?>
<record
    xmlns:xsi="http://www.w3.org/2001/XMLSchema-instance"
    xsi:schemaLocation="http://www.loc.gov/MARC21/slim http://www.loc.gov/standards/marcxml/schema/MARC21slim.xsd"
    xmlns="http://www.loc.gov/MARC21/slim">

  <leader>00464nam a2200181Ia 4500</leader>
  <controlfield tag="008">230711s9999||||xx |||||||||||||| ||und||</controlfield>
  <datafield tag="020" ind1=" " ind2=" ">
    <subfield code="a">978-1-78242-232-7</subfield>
  </datafield>
  <datafield tag="041" ind1=" " ind2=" ">
    <subfield code="a">ENG</subfield>
  </datafield>
  <datafield tag="082" ind1=" " ind2=" ">
    <subfield code="a">687.0688</subfield>
    <subfield code="b">RA-G</subfield>
  </datafield>
  <datafield tag="100" ind1=" " ind2=" ">
    <subfield code="a">Nayak,Rajkishore</subfield>
  </datafield>
  <datafield tag="245" ind1=" " ind2="0">
    <subfield code="a">Garment Manufacturing Technology</subfield>
  </datafield>
  <datafield tag="250" ind1=" " ind2=" ">
    <subfield code="a">1st Ed.</subfield>
  </datafield>
  <datafield tag="260" ind1=" " ind2=" ">
    <subfield code="c">2015</subfield>
    <subfield code="a">New Delhi</subfield>
    <subfield code="b">Woodhead Publishing Pvt Ltd</subfield>
  </datafield>
  <datafield tag="300" ind1=" " ind2=" ">
    <subfield code="a">481p.</subfield>
  </datafield>
  <datafield tag="650" ind1=" " ind2=" ">
    <subfield code="a">Textile Engineering</subfield>
  </datafield>
  <datafield tag="700" ind1=" " ind2=" ">
    <subfield code="a">Padhye,Rajiv</subfield>
  </datafield>
  <datafield tag="942" ind1=" " ind2=" ">
    <subfield code="c">BK</subfield>
  </datafield>
  <datafield tag="952" ind1=" " ind2=" ">
    <subfield code="0">0</subfield>
    <subfield code="1">0</subfield>
    <subfield code="4">0</subfield>
    <subfield code="7">0</subfield>
    <subfield code="8">C</subfield>
    <subfield code="a">MCL</subfield>
    <subfield code="b">MCL</subfield>
    <subfield code="d">2043-07-06</subfield>
    <subfield code="e">Krishna Book Distributors</subfield>
    <subfield code="g">285.00</subfield>
    <subfield code="i">KBD/2017-2018/1019843059</subfield>
    <subfield code="l">6</subfield>
    <subfield code="o">687.0688 RA-G</subfield>
    <subfield code="p">38680</subfield>
    <subfield code="r">2025-10-06 14:13:56</subfield>
    <subfield code="s">2025-09-11</subfield>
    <subfield code="w">2023-08-17</subfield>
    <subfield code="y">BK</subfield>
  </datafield>
  <datafield tag="952" ind1=" " ind2=" ">
    <subfield code="0">0</subfield>
    <subfield code="1">0</subfield>
    <subfield code="4">0</subfield>
    <subfield code="7">0</subfield>
    <subfield code="8">C</subfield>
    <subfield code="a">MCL</subfield>
    <subfield code="b">MCL</subfield>
    <subfield code="d">2043-07-06</subfield>
    <subfield code="e">Krishna Book Distributors</subfield>
    <subfield code="g">285.00</subfield>
    <subfield code="i">KBD/2017-2018/1019843059</subfield>
    <subfield code="l">13</subfield>
    <subfield code="o">687.0688 RA-G</subfield>
    <subfield code="p">38681</subfield>
    <subfield code="r">2025-12-09 15:43:16</subfield>
    <subfield code="s">2025-11-21</subfield>
    <subfield code="w">2023-08-17</subfield>
    <subfield code="y">BK</subfield>
  </datafield>
  <datafield tag="952" ind1=" " ind2=" ">
    <subfield code="0">0</subfield>
    <subfield code="1">0</subfield>
    <subfield code="4">0</subfield>
    <subfield code="7">0</subfield>
    <subfield code="8">C</subfield>
    <subfield code="a">MCL</subfield>
    <subfield code="b">MCL</subfield>
    <subfield code="d">2043-07-06</subfield>
    <subfield code="e">Krishna Book Distributors</subfield>
    <subfield code="g">285.00</subfield>
    <subfield code="i">KBD/2017-2018/1019843059</subfield>
    <subfield code="l">10</subfield>
    <subfield code="o">687.0688 RA-G</subfield>
    <subfield code="p">40561</subfield>
    <subfield code="r">2024-04-18 11:10:19</subfield>
    <subfield code="s">2024-03-21</subfield>
    <subfield code="w">2023-08-17</subfield>
    <subfield code="y">BK</subfield>
  </datafield>
  <datafield tag="952" ind1=" " ind2=" ">
    <subfield code="0">0</subfield>
    <subfield code="1">0</subfield>
    <subfield code="4">0</subfield>
    <subfield code="7">0</subfield>
    <subfield code="8">C</subfield>
    <subfield code="a">MCL</subfield>
    <subfield code="b">MCL</subfield>
    <subfield code="d">2043-07-06</subfield>
    <subfield code="e">Krishna Book Distributors</subfield>
    <subfield code="g">285.00</subfield>
    <subfield code="i">KBD/2017-2018/1019843059</subfield>
    <subfield code="l">4</subfield>
    <subfield code="o">687.0688 RA-G</subfield>
    <subfield code="p">40562</subfield>
    <subfield code="r">2023-11-01 09:55:57</subfield>
    <subfield code="s">2023-10-10</subfield>
    <subfield code="w">2023-08-17</subfield>
    <subfield code="y">BK</subfield>
  </datafield>
  <datafield tag="952" ind1=" " ind2=" ">
    <subfield code="0">0</subfield>
    <subfield code="1">0</subfield>
    <subfield code="4">0</subfield>
    <subfield code="7">0</subfield>
    <subfield code="8">C</subfield>
    <subfield code="a">MCL</subfield>
    <subfield code="b">MCL</subfield>
    <subfield code="d">0000-00-00</subfield>
    <subfield code="e">Krishna Book Distributors</subfield>
    <subfield code="g">285.00</subfield>
    <subfield code="i">KBD/2017-2018/1019843059</subfield>
    <subfield code="l">1</subfield>
    <subfield code="o">687.0688 RA-G</subfield>
    <subfield code="p">40563</subfield>
    <subfield code="r">2024-02-02 12:27:50</subfield>
    <subfield code="s">2023-08-30</subfield>
    <subfield code="w">2023-08-17</subfield>
    <subfield code="y">BK</subfield>
  </datafield>
  <datafield tag="952" ind1=" " ind2=" ">
    <subfield code="0">0</subfield>
    <subfield code="1">0</subfield>
    <subfield code="4">0</subfield>
    <subfield code="7">0</subfield>
    <subfield code="8">C</subfield>
    <subfield code="a">MCL</subfield>
    <subfield code="b">MCL</subfield>
    <subfield code="d">0000-00-00</subfield>
    <subfield code="e">Krishna Book Distributors</subfield>
    <subfield code="g">285.00</subfield>
    <subfield code="i">KBD/2017-2018/1019843059</subfield>
    <subfield code="l">7</subfield>
    <subfield code="o">687.0688 RA-G</subfield>
    <subfield code="p">40564</subfield>
    <subfield code="r">2025-12-19 15:06:08</subfield>
    <subfield code="s">2025-11-28</subfield>
    <subfield code="w">2023-08-17</subfield>
    <subfield code="y">BK</subfield>
  </datafield>
  <datafield tag="952" ind1=" " ind2=" ">
    <subfield code="0">0</subfield>
    <subfield code="1">0</subfield>
    <subfield code="4">0</subfield>
    <subfield code="7">0</subfield>
    <subfield code="8">C</subfield>
    <subfield code="a">MCL</subfield>
    <subfield code="b">MCL</subfield>
    <subfield code="d">0000-00-00</subfield>
    <subfield code="e">Krishna Book Distributors</subfield>
    <subfield code="g">285.00</subfield>
    <subfield code="i">KBD/2017-2018/1019843059</subfield>
    <subfield code="l">8</subfield>
    <subfield code="o">687.0688 RA-G</subfield>
    <subfield code="p">40565</subfield>
    <subfield code="r">2025-10-30 10:06:36</subfield>
    <subfield code="s">2025-09-30</subfield>
    <subfield code="w">2023-08-17</subfield>
    <subfield code="y">BK</subfield>
  </datafield>
  <datafield tag="952" ind1=" " ind2=" ">
    <subfield code="0">0</subfield>
    <subfield code="1">0</subfield>
    <subfield code="4">0</subfield>
    <subfield code="7">0</subfield>
    <subfield code="8">C</subfield>
    <subfield code="a">MCL</subfield>
    <subfield code="b">MCL</subfield>
    <subfield code="d">0000-00-00</subfield>
    <subfield code="e">Krishna Book Distributors</subfield>
    <subfield code="g">285.00</subfield>
    <subfield code="i">KBD/2017-2018/1019843059</subfield>
    <subfield code="l">2</subfield>
    <subfield code="o">687.0688 RA-G</subfield>
    <subfield code="p">40566</subfield>
    <subfield code="r">2024-02-05 15:06:05</subfield>
    <subfield code="s">2023-09-26</subfield>
    <subfield code="w">2023-08-17</subfield>
    <subfield code="y">BK</subfield>
  </datafield>
  <datafield tag="999" ind1=" " ind2=" ">
    <subfield code="c">6543</subfield>
    <subfield code="d">6543</subfield>
  </datafield>
</record>
